000 00433nam a2200181Ia 4500
001 19683
005 20260306172711.0
008 260306t2011||||xx |||||||||||||| ||spa||
041 _aESP
082 _a341
_bD15
100 _aD'Agostino, Francesco
_eAUT
245 0 _aCorso breve di filosofia del diritto
260 _c2011
300 _a163 páginas :
_c23 cm.
650 _aGEN
654 _aCDE
942 _cLIB
_dJUS
_fJUS
_2ddc
_n
999 _c19683
_d19683